| 000 | 01527nam a2200289 i 4500 | ||
|---|---|---|---|
| 003 | DO-SdBNP | ||
| 005 | 20231017155250.0 | ||
| 006 | a||||gr|||| 00| 0 | ||
| 007 | ta | ||
| 008 | 231003e2014 dr ad||| |||| 00| 0 spa d | ||
| 040 |
_aDO-SdBNP _bspa _cBNPHU _erda |
||
| 082 | 4 |
_222 _bR426no |
|
| 110 | 1 |
_aRepública Dominicana. Dirección General de Comunicación. _984352 _eautor |
|
| 245 | 1 | 0 |
_aNORTIC E1 2014: _cnorma para la gestión de las redes sociales en los organismos gubernamentales. / |
| 264 | 1 |
_aSanto Domingo : _bOPTIC, _c2014 |
|
| 300 |
_a95 páginas : _bIlustraciones, gráficas ; _c24 cm. |
||
| 336 |
_2rdacontent _atexto _btxt |
||
| 337 |
_2rdamedia _asin mediación _bn |
||
| 338 |
_2rdacarrier _avolumen _bnc |
||
| 490 | _aCategoría: E | ||
| 490 |
_adocumento ; _v1 |
||
| 500 | _aIncluye abreviatura y acrónico. | ||
| 504 | _aBibliografía: páginas 91 | ||
| 505 |
_aPrólogo.-- _gMarco Legal.-- _gIntroducción.-- _gCapítulo I. _tNorma para la Gestión de las Redes Sociales en los Organismos Gubernamentales.-- _gCapítulo II. _tLevantamiento el área de Gestión de Medios Sociales.-- _gCapítulo III. _tPersonalización y Configuración de los Medios Sociales.-- _gCapítulo IV. _tGestión de Redes Sociales.-- _gCapítulo V. _tPosicionamiento de los medios Web.-- _gCapítulo VI. _tRecomendaciones para la Gestión Efectiva de los Medios Sociales.-- _tGlosario de términos.-- _tAbreviaturas y acrónimos.-- _tBibliografía.-- _tAnexos.-- _tEquipo de Trabajo. |
||
| 590 | _aInventariado 2023 / MF | ||
| 942 |
_2ddc _cLBS1 |
||
| 999 |
_c55061 _d55061 |
||